[Event "Campeonato España Sub 12"]
[Site "Salobreña"]
[Date "2017.07.12"]
[Round "4"]
[White "Karunanithi, Bharath"]
[Black "Lorente Serrano, Rosa Adela"]
[Result "1/2-1/2"]
[Board "13"]
[WhiteClock "1:30"]
[WhiteElo "1457"]
[WhiteCountry "ESP"]
[WhiteFideId "24534790"]
[WhiteEloChange "4"]
[BlackClock "1:30"]
[BlackElo "1596"]
[BlackCountry "ESP"]
[BlackFideId "32091982"]
[BlackEloChange "-4"]

1. d4 {[%clk 1:30:00]} Nf6 {[%clk 1:30:00]} 2. c4 {[%clk 1:31:00]} e6 {[%clk
1:30:00]} 3. Nf3 {[%clk 1:30:00]} b6 {[%clk 1:28:00]} 4. Nc3 {[%clk 1:29:00]} Bb4
{[%clk 1:26:00]} 5. Bg5 {[%clk 1:25:00]} Bb7 {[%clk 1:19:00]} 6. e3 {[%clk
1:25:00]} O-O {[%clk 1:17:00]} 7. Be2 {[%clk 1:24:00]} h6 {[%clk 1:11:00]} 8. Bh4
{[%clk 1:25:00]} d6 {[%clk 1:11:00]} 9. O-O {[%clk 1:23:00]} Bxc3 {[%clk
1:11:00]} 10. bxc3 {[%clk 1:23:00]} Nbd7 {[%clk 1:08:00]} 11. Nd2 {[%clk
1:19:00]} c5 {[%clk 0:58:00]} 12. Bf3 {[%clk 1:17:00]} Qc7 {[%clk 0:58:00]} 13.
Bg3 {[%clk 1:17:00]} Bxf3 {[%clk 0:54:00]} 14. Qxf3 {[%clk 1:14:00]} Rac8 {[%clk
0:51:00]} 15. Rac1 {[%clk 1:10:00]} Rfe8 {[%clk 0:47:00]} 16. Ne4 {[%clk
1:03:00]} Nxe4 {[%clk 0:46:00]} 17. Qxe4 {[%clk 1:01:00]} Nf6 {[%clk 0:47:00]}
18. Qf3 {[%clk 1:00:00]} e5 {[%clk 0:42:00]} 19. d5 {[%clk 1:01:00]} Qe7 {[%clk
0:43:00]} 20. e4 {[%clk 1:00:00]} Rb8 {[%clk 0:36:00]} 21. a4 {[%clk 0:56:00]} a6
{[%clk 0:36:00]} 22. Ra1 {[%clk 0:53:00]} Rb7 {[%clk 0:31:00]} 23. Qe2 {[%clk
0:52:00]} Reb8 {[%clk 0:28:00]} 24. Rfb1 {[%clk 0:52:00]} Ne8 {[%clk 0:27:00]}
25. f3 {[%clk 0:52:00]} Nc7 {[%clk 0:27:00]} 26. Rb3 {[%clk 0:49:00]} b5 {[%clk
0:27:00]} 27. Rab1 {[%clk 0:49:00]} Qd7 {[%clk 0:27:00]} 28. Be1 {[%clk 0:48:00]}
f6 {[%clk 0:23:00]} 29. h3 {[%clk 0:48:00]} Kf7 {[%clk 0:23:00]} 30. Kf1 {[%clk
0:46:00]} Kf8 {[%clk 0:23:00]} 1/2-1/2

[Event "Campeonato España Sub 12"]
[Site "Salobreña"]
[Date "2017.07.12"]
[Round "4"]
[White "Cervello Navarro, Hector"]
[Black "Abrisqueta Zudaire, Leyre"]
[Result "1-0"]
[Board "14"]
[WhiteClock "1:30"]
[WhiteElo "1434"]
[WhiteCountry "ESP"]
[WhiteFideId "24585181"]
[WhiteEloChange "15"]
[BlackClock "1:30"]
[BlackElo "1605"]
[BlackCountry "ESP"]
[BlackFideId "32092253"]
[BlackEloChange "-15"]

1. e4 {[%clk 1:30:00]} c5 {[%clk 1:30:00]} 2. Nc3 {[%clk 1:31:00]} Nc6 {[%clk
1:31:00]} 3. Bb5 {[%clk 1:31:00]} Na5 {[%clk 1:29:00]} 4. Be2 {[%clk 1:23:00]} e6
{[%clk 1:26:00]} 5. d3 {[%clk 1:09:00]} a6 {[%clk 1:25:00]} 6. f4 {[%clk
1:09:00]} b5 {[%clk 1:25:00]} 7. Nf3 {[%clk 1:09:00]} Bb7 {[%clk 1:24:00]} 8. a4
{[%clk 1:00:00]} b4 {[%clk 1:19:00]} 9. Nb1 {[%clk 1:01:00]} Nf6 {[%clk 1:19:00]}
10. O-O {[%clk 0:52:00]} Be7 {[%clk 1:16:00]} 11. Nbd2 {[%clk 0:44:00]} O-O
{[%clk 1:16:00]} 12. Ne1 {[%clk 0:37:00]} Qc7 {[%clk 1:12:00]} 13. g4 {[%clk
0:29:00]} d5 {[%clk 1:02:00]} 14. e5 {[%clk 0:23:00]} Nd7 {[%clk 1:02:00]} 15. g5
{[%clk 0:23:00]} c4 {[%clk 0:57:00]} 16. d4 {[%clk 0:22:00]} c3 {[%clk 0:56:00]}
17. Ndf3 {[%clk 0:21:00]} Rac8 {[%clk 0:55:00]} 18. b3 {[%clk 0:22:00]} Qb6
{[%clk 0:54:00]} 19. Bd3 {[%clk 0:19:55]} Nc6 {[%clk 0:54:00]} 20. Qe2 {[%clk
0:18:36]} Ndb8 {[%clk 0:44:00]} 21. Be3 {[%clk 0:18:59]} a5 {[%clk 0:45:00]} 22.
Qg2 {[%clk 0:09:32]} Ba6 {[%clk 0:45:00]} 23. Qh3 {[%clk 0:08:59]} Bxd3 {[%clk
0:45:00]} 24. Nxd3 {[%clk 0:09:28]} Nd7 {[%clk 0:45:00]} 25. Rf2 {[%clk 0:09:06]}
Qa7 {[%clk 0:44:00]} 26. Rg2 {[%clk 0:08:50]} Bd8 {[%clk 0:45:00]} 27. Nf2 {[%clk
0:06:31]} Ne7 {[%clk 0:44:00]} 28. Ng4 {[%clk 0:05:57]} Bb6 {[%clk 0:43:00]} 29.
Nf6+ {[%clk 0:05:17]} Nxf6 {[%clk 0:39:00]} 30. gxf6 {[%clk 0:05:44]} Ng6 {[%clk
0:38:00]} 31. Ng5 {[%clk 0:02:45]} h6 {[%clk 0:38:00]} 32. Nxe6 {[%clk 0:03:09]}
fxe6 {[%clk 0:35:00]} 33. Rxg6 {[%clk 0:03:38]} Rc7 {[%clk 0:35:00]} 34. Qxh6
{[%clk 0:03:45]} Rff7 {[%clk 0:34:00]} 35. Rd1 {[%clk 0:02:16]} Qa6 {[%clk
0:34:00]} 36. Kf2 {[%clk 0:02:36]} Qc8 {[%clk 0:34:00]} 37. Rdg1 {[%clk 0:02:43]}
Qb7 {[%clk 0:34:00]} 38. Rxg7+ {[%clk 0:02:30]} Rxg7 {[%clk 0:34:00]} 39. Rxg7+
{[%clk 0:02:59]} Rxg7 {[%clk 0:35:00]} 40. Qxg7+ {[%clk 0:03:27]} Qxg7 {[%clk
0:36:00]} 41. fxg7 {[%clk 0:03:56]} Kxg7 {[%clk 0:36:00]} 42. Kf3 {[%clk
0:03:34]} Kg6 {[%clk 0:36:00]} 43. Kg4 {[%clk 0:04:02]} Bd8 {[%clk 0:37:00]} 44.
h4 {[%clk 0:04:17]} Kf7 {[%clk 0:36:00]} 45. Bf2 {[%clk 0:03:45]} Be7 {[%clk
0:36:00]} 46. f5 {[%clk 0:04:03]} exf5+ {[%clk 0:36:00]} 47. Kxf5 {[%clk
0:04:30]} Bf8 {[%clk 0:36:00]} 48. Be3 {[%clk 0:04:41]} Be7 {[%clk 0:37:00]} 49.
Bg5 {[%clk 0:05:01]} Bf8 {[%clk 0:37:00]} 50. e6+ {[%clk 0:05:20]} Ke8 {[%clk
0:37:00]} 51. Kg6 {[%clk 0:05:12]} Bg7 {[%clk 0:35:00]} 52. Bf6 {[%clk 0:04:59]}
Bf8 {[%clk 0:35:00]} 53. e7 {[%clk 0:05:02]} Bxe7 {[%clk 0:35:00]} 54. Bxe7
{[%clk 0:05:27]} Kxe7 {[%clk 0:36:00]} 55. Kg7 {[%clk 0:05:53]} Ke6 {[%clk
0:36:00]} 56. h5 {[%clk 0:06:13]} Kf5 {[%clk 0:36:00]} 57. h6 {[%clk 0:06:38]}
Ke4 {[%clk 0:37:00]} 58. h7 {[%clk 0:06:55]} Kxd4 {[%clk 0:37:00]} 59. h8Q {[%clk
0:07:05]} Ke3 {[%clk 0:37:00]} 60. Qh7 {[%clk 0:07:14]} Kd4 {[%clk 0:37:00]} 61.
Qd3+ {[%clk 0:07:19]} Kc5 {[%clk 0:38:00]} 62. Kf6 {[%clk 0:07:41]} Kd6 {[%clk
0:38:00]} 63. Qd4 {[%clk 0:07:49]} Kc6 {[%clk 0:39:00]} 64. Ke5 {[%clk 0:08:09]}
Kc7 {[%clk 0:39:00]} 65. Qxd5 {[%clk 0:08:30]} Kb6 {[%clk 0:39:00]} 66. Qc4
{[%clk 0:08:42]} Ka7 {[%clk 0:40:00]} 67. Qb5 {[%clk 0:09:15]} Ka8 {[%clk
0:40:00]} 68. Kd6 {[%clk 0:09:15]} 1-0

[Event "Campeonato España Sub 12"]
[Site "Salobreña"]
[Date "2017.07.12"]
[Round "4"]
[White "Jimenez Munoz, Nicolas"]
[Black "Joglar Garcia, Maria"]
[Result "1-0"]
[Board "15"]
[WhiteClock "1:30"]
[WhiteElo "1709"]
[WhiteCountry "ESP"]
[WhiteFideId "32092172"]
[WhiteEloChange "4"]
[BlackClock "1:30"]
[BlackElo "1442"]
[BlackCountry "ESP"]
[BlackFideId "32092156"]
[BlackEloChange "-4"]

1. e4 {[%clk 1:30:00]} c5 {[%clk 1:30:00]} 2. d4 {[%clk 1:31:00]} cxd4 {[%clk
1:31:00]} 3. c3 {[%clk 1:31:00]} d3 {[%clk 1:30:00]} 4. Bxd3 {[%clk 1:31:00]} d6
{[%clk 1:30:00]} 5. c4 {[%clk 1:31:00]} Nf6 {[%clk 1:29:00]} 6. h3 {[%clk
1:31:00]} Nc6 {[%clk 1:28:00]} 7. Nf3 {[%clk 1:31:00]} e6 {[%clk 1:24:00]} 8. Nc3
{[%clk 1:27:00]} Be7 {[%clk 1:23:00]} 9. O-O {[%clk 1:28:00]} O-O {[%clk
1:24:00]} 10. Qe2 {[%clk 1:26:00]} d5 {[%clk 1:17:00]} 11. e5 {[%clk 1:21:00]}
dxc4 {[%clk 1:14:00]} 12. Bxc4 {[%clk 1:17:00]} Nd7 {[%clk 1:09:00]} 13. Rd1
{[%clk 1:13:00]} Qc7 {[%clk 1:07:00]} 14. Bf4 {[%clk 1:11:00]} a6 {[%clk
1:03:00]} 15. Bd3 {[%clk 1:03:00]} b5 {[%clk 1:01:00]} 16. a3 {[%clk 1:03:00]}
Bb7 {[%clk 1:00:00]} 17. Rac1 {[%clk 1:00:00]} Rac8 {[%clk 0:54:00]} 18. Bxh7+
{[%clk 0:56:00]} Kxh7 {[%clk 0:50:00]} 19. Qd3+ {[%clk 0:56:00]} Kg8 {[%clk
0:49:00]} 20. Qxd7 {[%clk 0:57:00]} Qb6 {[%clk 0:46:00]} 21. Be3 {[%clk 0:53:00]}
Qc7 {[%clk 0:44:00]} 22. Qxc7 {[%clk 0:52:00]} Rxc7 {[%clk 0:45:00]} 23. Bb6
{[%clk 0:52:00]} Rcc8 {[%clk 0:44:00]} 24. Rd7 {[%clk 0:51:00]} Ba8 {[%clk
0:43:00]} 25. Rcd1 {[%clk 0:43:00]} Rb8 {[%clk 0:39:00]} 26. Be3 {[%clk 0:42:00]}
Rbc8 {[%clk 0:34:00]} 27. Nd4 {[%clk 0:35:00]} Nxd4 {[%clk 0:30:00]} 28. R1xd4
{[%clk 0:35:00]} Bc5 {[%clk 0:28:00]} 29. Rd3 {[%clk 0:35:00]} Bxe3 {[%clk
0:25:00]} 30. Rxe3 {[%clk 0:35:00]} Rfd8 {[%clk 0:24:00]} 31. Red3 {[%clk
0:35:00]} Rxd7 {[%clk 0:23:00]} 32. Rxd7 {[%clk 0:35:00]} Rb8 {[%clk 0:22:00]}
33. Ra7 {[%clk 0:34:00]} Bb7 {[%clk 0:22:00]} 34. Na2 {[%clk 0:34:00]} Kf8 {[%clk
0:22:00]} 35. Nb4 {[%clk 0:34:00]} Ke8 {[%clk 0:20:00]} 36. Nxa6 {[%clk 0:35:00]}
Bxa6 {[%clk 0:20:00]} 37. Rxa6 {[%clk 0:35:00]} Ke7 {[%clk 0:17:34]} 38. Ra7+
{[%clk 0:35:00]} Ke8 {[%clk 0:17:53]} 39. b3 {[%clk 0:35:00]} Rc8 {[%clk
0:16:58]} 40. Ra5 {[%clk 0:33:00]} Rc5 {[%clk 0:17:08]} 41. a4 {[%clk 0:30:00]}
Rc1+ {[%clk 0:17:24]} 42. Kh2 {[%clk 0:31:00]} bxa4 {[%clk 0:15:54]} 43. bxa4
{[%clk 0:31:00]} Ra1 {[%clk 0:16:07]} 44. Ra8+ {[%clk 0:31:00]} Kd7 {[%clk
0:16:12]} 45. Ra7+ {[%clk 0:31:00]} Ke8 {[%clk 0:16:29]} 46. a5 {[%clk 0:31:00]}
g6 {[%clk 0:15:29]} 47. Ra8+ {[%clk 0:29:00]} Ke7 {[%clk 0:15:39]} 48. a6 {[%clk
0:29:00]} Ra2 {[%clk 0:15:44]} 49. Kg3 {[%clk 0:27:00]} Ra3+ {[%clk 0:15:29]} 50.
Kf4 {[%clk 0:26:00]} Ra4+ {[%clk 0:15:37]} 51. Ke3 {[%clk 0:26:00]} Kd7 {[%clk
0:15:40]} 52. Kd3 {[%clk 0:25:00]} Ra2 {[%clk 0:13:26]} 53. Ra7+ {[%clk 0:23:00]}
Ke8 {[%clk 0:13:29]} 54. Kc4 {[%clk 0:23:00]} Rxf2 {[%clk 0:13:16]} 55. Rb7
{[%clk 0:23:00]} Ra2 {[%clk 0:12:49]} 56. a7 {[%clk 0:23:00]} Rc2+ {[%clk
0:13:02]} 57. Kb3 {[%clk 0:23:00]} 1-0

[Event "Campeonato España Sub 12"]
[Site "Salobreña"]
[Date "2017.07.12"]
[Round "4"]
[White "Juarros Ruiz, Victor"]
[Black "Garcia Gil, Oriol"]
[Result "1-0"]
[Board "16"]
[WhiteClock "1:30"]
[WhiteElo "1700"]
[WhiteCountry "ESP"]
[WhiteFideId "24515213"]
[WhiteEloChange "4"]
[BlackClock "1:30"]
[BlackElo "1453"]
[BlackCountry "ESP"]
[BlackFideId "24561274"]
[BlackEloChange "-4"]

1. e4 {[%clk 1:30:00]} c5 {[%clk 1:29:00]} 2. Nf3 {[%clk 1:30:00]} g6 {[%clk
1:28:00]} 3. c4 {[%clk 1:29:00]} Bg7 {[%clk 1:28:00]} 4. d4 {[%clk 1:29:00]} cxd4
{[%clk 1:29:00]} 5. Nxd4 {[%clk 1:29:00]} Nc6 {[%clk 1:28:00]} 6. Be3 {[%clk
1:30:00]} Nf6 {[%clk 1:28:00]} 7. Nc3 {[%clk 1:29:00]} O-O {[%clk 1:29:00]} 8.
Be2 {[%clk 1:29:00]} d6 {[%clk 1:29:00]} 9. f3 {[%clk 1:29:00]} Bd7 {[%clk
1:28:00]} 10. Qd2 {[%clk 1:29:00]} a5 {[%clk 1:28:00]} 11. b3 {[%clk 1:28:00]}
Nxd4 {[%clk 1:27:00]} 12. Bxd4 {[%clk 1:29:00]} Bc6 {[%clk 1:28:00]} 13. Rc1
{[%clk 1:27:00]} Nd7 {[%clk 1:28:00]} 14. Be3 {[%clk 1:27:00]} Qc7 {[%clk
1:28:00]} 15. O-O {[%clk 1:25:00]} Rfc8 {[%clk 1:28:00]} 16. a3 {[%clk 1:17:00]}
Qd8 {[%clk 1:26:00]} 17. b4 {[%clk 1:15:00]} b6 {[%clk 1:23:00]} 18. Rfd1 {[%clk
1:08:00]} Rab8 {[%clk 1:13:00]} 19. Nd5 {[%clk 1:07:00]} Bxd5 {[%clk 1:00:00]}
20. cxd5 {[%clk 1:07:00]} Bf6 {[%clk 0:43:00]} 21. Bb5 {[%clk 1:05:00]} axb4
{[%clk 0:40:00]} 22. axb4 {[%clk 1:05:00]} Rc7 {[%clk 0:29:00]} 23. Rxc7 {[%clk
1:01:00]} Qxc7 {[%clk 0:29:00]} 24. Rc1 {[%clk 1:01:00]} Qa7 {[%clk 0:26:00]} 25.
Kf2 {[%clk 0:53:00]} Ne5 {[%clk 0:24:00]} 26. Qc2 {[%clk 0:48:00]} Rb7 {[%clk
0:20:00]} 27. Bh6 {[%clk 0:48:00]} 1-0

[Event "Campeonato España Sub 12"]
[Site "Salobreña"]
[Date "2017.07.12"]
[Round "4"]
[White "Taltavull Hidalgo, Artur"]
[Black "Conde Riveiro, Xacobe"]
[Result "1-0"]
[Board "17"]
[WhiteClock "1:30"]
[WhiteElo "1607"]
[WhiteCountry "ESP"]
[WhiteFideId "24569968"]
[WhiteEloChange "6"]
[BlackClock "1:30"]
[BlackElo "1451"]
[BlackCountry "ESP"]
[BlackFideId "24545147"]
[BlackEloChange "-6"]

1. e4 {[%clk 1:30:00]} e6 {[%clk 1:30:00]} 2. d4 {[%clk 1:30:00]} a6 {[%clk
1:31:00]} 3. Nf3 {[%clk 1:29:00]} b5 {[%clk 1:30:00]} 4. a4 {[%clk 1:20:00]} Bb7
{[%clk 1:29:00]} 5. Nbd2 {[%clk 1:18:00]} c5 {[%clk 1:24:00]} 6. axb5 {[%clk
1:03:00]} axb5 {[%clk 1:24:00]} 7. Rxa8 {[%clk 1:04:00]} Bxa8 {[%clk 1:25:00]} 8.
Bxb5 {[%clk 1:01:00]} Qb6 {[%clk 1:25:00]} 9. Bd3 {[%clk 1:01:00]} cxd4 {[%clk
1:25:00]} 10. O-O {[%clk 1:01:00]} Nf6 {[%clk 1:24:00]} 11. Qe2 {[%clk 0:54:00]}
Nc6 {[%clk 1:22:00]} 12. Nb3 {[%clk 0:45:00]} e5 {[%clk 1:21:00]} 13. Bd2 {[%clk
0:35:00]} Bd6 {[%clk 1:16:00]} 14. Ra1 {[%clk 0:30:00]} O-O {[%clk 1:15:00]} 15.
Nh4 {[%clk 0:21:00]} Bb4 {[%clk 1:06:00]} 16. Bg5 {[%clk 0:17:00]} Ne8 {[%clk
1:02:00]} 17. Rxa8 {[%clk 0:13:31]} h6 {[%clk 1:01:00]} 18. Bc1 {[%clk 0:10:39]}
Na5 {[%clk 0:59:00]} 19. Ra6 {[%clk 0:08:45]} Qd8 {[%clk 0:59:00]} 20. Nxa5
{[%clk 0:07:04]} Bxa5 {[%clk 0:59:00]} 21. Nf5 {[%clk 0:05:42]} Nf6 {[%clk
0:57:00]} 22. Qf3 {[%clk 0:04:44]} h5 {[%clk 0:55:00]} 23. Qg3 {[%clk 0:03:23]}
Ne8 {[%clk 0:54:00]} 24. Qxe5 {[%clk 0:02:53]} Bc7 {[%clk 0:54:00]} 25. Qxd4
{[%clk 0:03:12]} Qb8 {[%clk 0:52:00]} 26. Ne7+ {[%clk 0:02:59]} Kh8 {[%clk
0:53:00]} 27. Rh6# {[%clk 0:02:59]} 1-0

[Event "Campeonato España Sub 12"]
[Site "Salobreña"]
[Date "2017.07.12"]
[Round "4"]
[White "Llamas Martinez, Pablo"]
[Black "Castillo Dalmau, Arnau"]
[Result "0-1"]
[Board "18"]
[WhiteClock "1:30"]
[WhiteElo "1453"]
[WhiteCountry "ESP"]
[WhiteFideId "24544582"]
[WhiteEloChange "-5"]
[BlackClock "1:30"]
[BlackElo "1650"]
[BlackCountry "ESP"]
[BlackFideId "32092725"]
[BlackEloChange "5"]

1. e4 {[%clk 1:30:00]} c5 {[%clk 1:30:00]} 2. d4 {[%clk 1:31:00]} cxd4 {[%clk
1:31:00]} 3. c3 {[%clk 1:31:00]} dxc3 {[%clk 1:31:00]} 4. Nxc3 {[%clk 1:31:00]}
d6 {[%clk 1:31:00]} 5. Bc4 {[%clk 1:31:00]} e6 {[%clk 1:30:00]} 6. Nf3 {[%clk
1:31:00]} Nc6 {[%clk 1:30:00]} 7. Bf4 {[%clk 1:28:00]} e5 {[%clk 1:28:00]} 8. Bg3
{[%clk 1:22:00]} Be7 {[%clk 1:27:00]} 9. h3 {[%clk 1:20:00]} Nf6 {[%clk 1:25:00]}
10. O-O {[%clk 1:15:00]} O-O {[%clk 1:24:00]} 11. Qe2 {[%clk 1:14:00]} Be6 {[%clk
1:22:00]} 12. Bxe6 {[%clk 1:10:00]} fxe6 {[%clk 1:22:00]} 13. Rfd1 {[%clk
1:09:00]} Qb6 {[%clk 1:13:00]} 14. Rab1 {[%clk 0:58:00]} Nd4 {[%clk 1:11:00]} 15.
Nxd4 {[%clk 0:54:00]} exd4 {[%clk 1:11:00]} 16. Nb5 {[%clk 0:50:00]} e5 {[%clk
1:11:00]} 17. Qd3 {[%clk 0:40:00]} Nxe4 {[%clk 1:11:00]} 18. Na3 {[%clk 0:23:00]}
Nxg3 {[%clk 1:10:00]} 19. Qxg3 {[%clk 0:23:00]} Rac8 {[%clk 1:07:00]} 20. Qg4
{[%clk 0:22:00]} d5 {[%clk 1:01:00]} 21. Rd3 {[%clk 0:20:00]} Bxa3 {[%clk
1:01:00]} 22. Rxa3 {[%clk 0:19:58]} Qg6 {[%clk 0:57:00]} 23. Qxg6 {[%clk
0:19:24]} hxg6 {[%clk 0:57:00]} 24. Rxa7 {[%clk 0:19:29]} Rf7 {[%clk 0:56:00]}
25. Kf1 {[%clk 0:18:21]} Rc2 {[%clk 0:57:00]} 26. f3 {[%clk 0:18:04]} e4 {[%clk
0:56:00]} 27. Kg1 {[%clk 0:17:26]} exf3 {[%clk 0:56:00]} 28. gxf3 {[%clk
0:17:11]} Rxf3 {[%clk 0:57:00]} 29. Rxb7 {[%clk 0:17:18]} Rg3+ {[%clk 0:57:00]}
30. Kh1 {[%clk 0:16:52]} Rxh3+ {[%clk 0:57:00]} 31. Kg1 {[%clk 0:17:09]} d3
{[%clk 0:56:00]} 32. Rd1 {[%clk 0:15:19]} Re3 {[%clk 0:53:00]} 33. a4 {[%clk
0:11:08]} Re4 {[%clk 0:50:00]} 34. a5 {[%clk 0:10:15]} Ra4 {[%clk 0:50:00]} 35.
Rb5 {[%clk 0:08:10]} d4 {[%clk 0:49:00]} 36. Kf1 {[%clk 0:07:44]} Ra2 {[%clk
0:44:00]} 37. b4 {[%clk 0:07:37]} Rcb2 {[%clk 0:43:00]} 38. Rb7 {[%clk 0:06:48]}
Ra4 {[%clk 0:43:00]} 39. Kg1 {[%clk 0:04:57]} Kh7 {[%clk 0:42:00]} 40. Rb5 {[%clk
0:03:06]} Rbxb4 {[%clk 0:38:00]} 41. Rxb4 {[%clk 0:03:19]} Rxb4 {[%clk 0:39:00]}
42. Rxd3 {[%clk 0:03:39]} Ra4 {[%clk 0:39:00]} 43. a6 {[%clk 0:03:43]} Rxa6
{[%clk 0:39:00]} 44. Rxd4 {[%clk 0:04:04]} Ra2 {[%clk 0:39:00]} 45. Rh4+ {[%clk
0:04:08]} Kg8 {[%clk 0:39:00]} 46. Rg4 {[%clk 0:04:33]} Kf7 {[%clk 0:39:00]} 47.
Rf4+ {[%clk 0:04:50]} Ke6 {[%clk 0:40:00]} 48. Rf3 {[%clk 0:04:57]} g5 {[%clk
0:39:00]} 49. Rb3 {[%clk 0:04:20]} Kf5 {[%clk 0:39:00]} 50. Rb4 {[%clk 0:04:36]}
Kg6 {[%clk 0:38:00]} 51. Rb7 {[%clk 0:04:41]} Kh6 {[%clk 0:38:00]} 52. Rc7 {[%clk
0:04:38]} g6 {[%clk 0:38:00]} 53. Rc3 {[%clk 0:04:12]} Kh5 {[%clk 0:36:00]} 54.
Rc1 {[%clk 0:02:33]} g4 {[%clk 0:36:00]} 55. Rd1 {[%clk 0:02:38]} Kh4 {[%clk
0:35:00]} 56. Rc1 {[%clk 0:02:23]} g5 {[%clk 0:35:00]} 57. Rb1 {[%clk 0:02:32]}
g3 {[%clk 0:33:00]} 58. Rc1 {[%clk 0:02:31]} Kh3 {[%clk 0:32:00]} 59. Rb1 {[%clk
0:02:31]} g4 {[%clk 0:32:00]} 60. Rc1 {[%clk 0:02:31]} g2 {[%clk 0:32:00]} 61.
Rb1 {[%clk 0:02:31]} g3 {[%clk 0:32:00]} 62. Rb2 {[%clk 0:02:31]} Ra1+ {[%clk
0:32:00]} 0-1

[Event "Campeonato España Sub 12"]
[Site "Salobreña"]
[Date "2017.07.12"]
[Round "4"]
[White "Rey Chimera, Luca"]
[Black "Vergara Anton, Diego"]
[Result "0-1"]
[Board "19"]
[WhiteClock "1:30"]
[WhiteElo "1378"]
[WhiteCountry "ESP"]
[WhiteFideId "24521906"]
[WhiteEloChange "-4"]
[BlackClock "1:30"]
[BlackElo "1628"]
[BlackCountry "ESP"]
[BlackFideId "24524310"]
[BlackEloChange "4"]

1. e4 {[%clk 1:30:00]} e6 {[%clk 1:30:00]} 2. d4 {[%clk 1:31:00]} d5 {[%clk
1:31:00]} 3. Bd3 {[%clk 1:31:00]} dxe4 {[%clk 1:29:00]} 4. Bxe4 {[%clk 1:32:00]}
Nf6 {[%clk 1:28:00]} 5. Bf3 {[%clk 1:32:00]} Be7 {[%clk 1:26:00]} 6. Ne2 {[%clk
1:32:00]} O-O {[%clk 1:25:00]} 7. O-O {[%clk 1:31:00]} c6 {[%clk 1:22:00]} 8. g3
{[%clk 1:30:00]} Qb6 {[%clk 1:22:00]} 9. c3 {[%clk 1:29:00]} Nbd7 {[%clk
1:12:00]} 10. Bg2 {[%clk 1:29:00]} c5 {[%clk 1:10:00]} 11. Nd2 {[%clk 1:25:00]}
cxd4 {[%clk 1:09:00]} 12. Nxd4 {[%clk 1:25:00]} Ne5 {[%clk 1:04:00]} 13. N2f3
{[%clk 1:22:00]} Nxf3+ {[%clk 1:03:00]} 14. Nxf3 {[%clk 1:22:00]} Rd8 {[%clk
1:00:00]} 15. Qc2 {[%clk 1:23:00]} Bd7 {[%clk 0:52:00]} 16. Be3 {[%clk 1:23:00]}
Qc7 {[%clk 0:51:00]} 17. Bf4 {[%clk 1:23:00]} Qc8 {[%clk 0:47:00]} 18. Rad1
{[%clk 1:23:00]} Bc6 {[%clk 0:44:00]} 19. Rxd8+ {[%clk 1:23:00]} Qxd8 {[%clk
0:44:00]} 20. Rd1 {[%clk 1:23:00]} Qb6 {[%clk 0:41:00]} 21. Be3 {[%clk 1:23:00]}
Bc5 {[%clk 0:40:00]} 22. Bxc5 {[%clk 1:22:00]} Qxc5 {[%clk 0:41:00]} 23. Qd3
{[%clk 1:21:00]} h6 {[%clk 0:37:00]} 24. Qd4 {[%clk 1:22:00]} Qh5 {[%clk
0:33:00]} 25. Ne5 {[%clk 1:21:00]} Bxg2 {[%clk 0:31:00]} 26. Kxg2 {[%clk
1:22:00]} Qe2 {[%clk 0:28:00]} 27. Rd2 {[%clk 1:21:00]} Qb5 {[%clk 0:28:00]} 28.
c4 {[%clk 1:20:00]} Qa6 {[%clk 0:24:00]} 29. b3 {[%clk 1:19:00]} b6 {[%clk
0:22:00]} 30. Kg1 {[%clk 1:18:00]} Qb7 {[%clk 0:22:00]} 31. Nd7 {[%clk 1:15:00]}
Ne4 {[%clk 0:21:00]} 32. Rd3 {[%clk 1:14:00]} Ng5 {[%clk 0:21:00]} 33. Qe3 {[%clk
1:14:00]} Nh3+ {[%clk 0:19:32]} 34. Kf1 {[%clk 1:14:00]} Qh1+ {[%clk 0:19:14]}
35. Ke2 {[%clk 1:14:00]} Qxh2 {[%clk 0:18:43]} 36. Ne5 {[%clk 1:13:00]} Ng5
{[%clk 0:17:45]} 37. Nf3 {[%clk 1:12:00]} Qh5 {[%clk 0:16:49]} 38. Kd2 {[%clk
1:12:00]} Nxf3+ {[%clk 0:16:38]} 39. Qxf3 {[%clk 1:12:00]} Qxf3 {[%clk 0:16:50]}
40. Rxf3 {[%clk 1:12:00]} Kf8 {[%clk 0:16:53]} 41. Kc3 {[%clk 1:13:00]} Ke7
{[%clk 0:17:05]} 42. b4 {[%clk 1:13:00]} Rc8 {[%clk 0:16:40]} 43. a4 {[%clk
1:13:00]} g5 {[%clk 0:15:42]} 44. g4 {[%clk 1:14:00]} Kf8 {[%clk 0:15:15]} 45.
Rd3 {[%clk 1:13:00]} Rc7 {[%clk 0:14:49]} 46. b5 {[%clk 1:13:00]} Kg7 {[%clk
0:14:44]} 47. Kb4 {[%clk 1:14:00]} Kg6 {[%clk 0:13:36]} 48. Rc3 {[%clk 1:14:00]}
f5 {[%clk 0:13:18]} 49. gxf5+ {[%clk 1:14:00]} exf5 {[%clk 0:13:47]} 50. c5
{[%clk 1:15:00]} bxc5+ {[%clk 0:13:17]} 51. Rxc5 {[%clk 1:15:00]} Rd7 {[%clk
0:12:59]} 52. a5 {[%clk 1:15:00]} h5 {[%clk 0:13:08]} 53. Rc6+ {[%clk 1:16:00]}
Kg7 {[%clk 0:13:13]} 54. b6 {[%clk 1:16:00]} axb6 {[%clk 0:13:05]} 55. axb6
{[%clk 1:17:00]} Rd1 {[%clk 0:13:16]} 56. Rc3 {[%clk 1:16:00]} Rd8 {[%clk
0:13:12]} 57. Rc7+ {[%clk 1:16:00]} Kf6 {[%clk 0:13:28]} 58. b7 {[%clk 1:16:00]}
Rb8 {[%clk 0:13:33]} 59. Ka5 {[%clk 1:16:00]} h4 {[%clk 0:13:30]} 60. Ka6 {[%clk
0:13:39]} g4 {[%clk 1:17:00]} 61. Rc8 {[%clk 0:13:39]} Rxb7 {[%clk 1:17:00]} 62.
Kxb7 {[%clk 0:13:39]} g3 {[%clk 1:17:00]} 63. fxg3 {[%clk 0:13:39]} hxg3 {[%clk
1:17:00]} 64. Rc1 {[%clk 0:13:39]} f4 {[%clk 1:17:00]} 65. Kc6 {[%clk 0:13:39]}
Ke5 {[%clk 1:17:00]} 66. Re1+ {[%clk 0:13:39]} Kd4 {[%clk 1:17:00]} 67. Re8
{[%clk 0:13:39]} g2 {[%clk 1:17:00]} 68. Rg8 {[%clk 0:13:39]} f3 {[%clk 1:17:00]}
69. Rg3 {[%clk 0:13:39]} Ke3 {[%clk 1:17:00]} 70. Kd5 {[%clk 0:13:39]} Kf2 {[%clk
1:17:00]} 0-1